| 000 | 00515nam a2200193Ia 4500 | ||
|---|---|---|---|
| 005 | 20230912151250.0 | ||
| 008 | 131103s9999 xx 000 0 und d | ||
| 040 | _aLoreto College | ||
| 041 | _aEnglish | ||
| 082 |
_a232.9 _bOUR |
||
| 100 | _aOursler, Fulton | ||
| 245 | 4 |
_aThe Greatest story ever told _cby Fulton Oursler |
|
| 260 |
_aKingswood _bThe World's Work _c1913 |
||
| 300 | _axiii,365p. | ||
| 440 | _aA Cedar Special; No. 50 | ||
| 650 | _aChristianity - religion | ||
| 850 | _aLCLIB | ||
| 942 | _cBK | ||
| 999 |
_c23337 _d73816 |
||